Kozia farma - Žiar

Gespeichert in:
Bibliographische Detailangaben
1. Verfasser: Gregussová, Juliana (Verfasst von)
Weitere Verfasser: Dohňanská, Elena (Betreuung Doktorarbeit)
Format: Manuskript Buch
Sprache:Slowakisch
Veröffentlicht: 2016
Schlagworte:
Online-Zugang:http://is.stuba.sk/zp/portal_zp.pl?podrobnosti=118111
https://opac.crzp.sk/?fn=detailBiblioForm&sid=F2FAE62FE51E8196D4A17E2DB6AB
Tags: Tag hinzufügen
Keine Tags, Fügen Sie das erste Tag hinzu!

MARC

LEADER 00000ntm a22000003a 4500
001 stuzp55660
003 SK-STU
005 20230825142001.9
007 ta
008 150427s2015----xo-----f-mn---000-0-slo-d
040 |a STU  |b slo 
041 0 |a slo 
100 1 |a Gregussová, Juliana  |u 010310  |4 aut  |U SvF Stavebná fakulta  |T SvF Katedra architektúry  |X 7436  |U V181|V310  |Y 19  |7 A000007436 
242 0 1 |a Goat farm – Žiar  |y eng 
245 1 0 |a Kozia farma - Žiar 
260 |c 2016 
650 4 |a kozia farma  |2 slo 
650 4 |a dolina  |2 slo 
650 4 |a drevo  |2 slo 
650 4 |a valley  |2 eng 
650 4 |a wood  |2 eng 
650 4 |a goat farm  |2 eng 
700 1 |a Dohňanská, Elena  |u 010310  |k Z1  |4 ths  |U SvF Stavebná fakulta  |T SvF Katedra architektúry  |X 973  |U V181|V310  |Y 19  |7 A000000973 
856 4 |u http://is.stuba.sk/zp/portal_zp.pl?podrobnosti=118111 
856 4 |u https://opac.crzp.sk/?fn=detailBiblioForm&sid=F2FAE62FE51E8196D4A17E2DB6AB 
SQL |a stuzp55660  |b DDP  |c SLO  |d Kozia farma - Žiar  |e 7436  |f Gregussová, Juliana  |g 010310  |h 973  |i Dohňanská, Elena  |j 20160616  |k 19  |l 01  |m http://is.stuba.sk/zp/portal_zp.pl?podrobnosti=118111  |n I-PSA  |o 5.1.4. pozemné stavby, 5.1.1. architektúra a urbanizmus